| 000 | 00604nam a22001817a 4500 | ||
|---|---|---|---|
| 005 | 20251108170102.0 | ||
| 008 | 250721s1995 xx 000 0 ara d | ||
| 082 | 1 | 4 | _aط/ق/ديز |
| 100 | 1 | _aديزني، والت | |
| 245 | 1 | 0 | _aروبين هود و عيد ميلاد الأرنب اسكيبي / |
| 264 | 1 |
_aالقاهرة : _bدار المعارف للطبعة العربية، _c1995. |
|
| 490 | 0 | _aعالم ديزني العجيب | |
| 650 | 1 | 7 | _aأدب الأطفال |
| 650 | 1 | 7 | _aالقصص العربية |
| 700 | 1 |
_aلويس، آمال _eترجمة |
|
| 942 |
_2ddc _cBK |
||
| 999 |
_c39395 _d39395 |
||